000 00720nam a22002057a 4500
005 20251108165801.0
008 250721s1993 xx 000 0 ara d
082 1 4 _aط/211/دني
100 1 _aأبو دنيا، محمد حسن
245 1 0 _aالكواكب /
264 1 _aبيروت :
_bدار الكتاب اللبناني،
_c1993.
300 _a16ص
490 0 _aعلوم جاء ذكرها في القران الكريم : السموات و الارض و ما بينها،22
650 1 7 _aالقرآن الكريم
650 1 7 _aالعلوم
653 _aأطفال مرحلة متوسطة ( 6 - 9 سنوات )
700 1 _aسيد، عبد الشافي
_eرسوم
942 _2ddc
_cBK
999 _c31215
_d31215